Quiz Sur Les Sports (Difficile) - Statistiques

Statistiques générales
  • Ce quiz a été pris 407 fois
  • Le résultat moyen est 8 sur 15
Statistiques - réponses
Question réponse % Correct
Quel joueur de la NBA est surnommé "King James" ? Lebron James
96%
Qui est le détenteur actuel du record du monde du 100 mètres avec un temps de 9,58 secondes ? Usain Bolt
94%
Quel joueur de football a remporté le Ballon d'Or pour la première fois en 2022 ? Karim Benzema
92%
Quel pays a remporté la Coupe du Monde de Rugby en 2019 ? L'Afrique du Sud
88%
Quel pilote détient le record du plus grand nombre de victoires en Grand Prix de Formule 1 ? Lewis Hamilton
86%
Quel nageur américain a remporté 23 médailles d'or aux Jeux Olympiques ? Michael Phelps
85%
Quel combattant irlandais est devenu le premier à détenir simultanément deux titres UFC dans deux catégories de poids différentes ? Conor McGregor
79%
Combien de types d'armes sont utilisées dans les compétitions d'escrime olympique ? Trois (le fleuret, l'épée et le sabre)
53%
Quelle équipe féminine a remporté la médaille d'or en volley-ball aux Jeux Olympiques de Tokyo en 2021 ? Les États-Unis
40%
Quel cycliste a remporté le Tour de France cinq fois consécutives de 1991 à 1995 ? Miguel Indurain
25%
Quel skieur autrichien détient le record du plus grand nombre de victoires en Coupe du Monde de ski alpin ? Marcel Hirscher
14%
Quel joueur de hockey a été surnommé "The Great One" et détient de nombreux records de la NHL ? Wayne Gretzky
13%
Quel golfeur américain a remporté le plus grand nombre de tournois majeurs avec un total de 18 ? Jack Nicklaus
5%
Quel pratiquant de jiu-jitsu brésilien est considéré comme l'un des meilleurs de tous les temps, avec de nombreux titres de champion du monde et une influence significative sur le sport ? Roger Gracie
4%
Quel joueur de cricket indien est souvent considéré comme l'un des meilleurs batteurs de tous les temps ? Sachin Tendulkar
1%
Aucun quiz correspondant
Distribution des résultats
% des personnes avec chaque résultat
Percentile par nombre de réponses
Votre historique - résultats
Vous n’avez pas pris ce quiz